00489nam a22001457a 4500020002200000040003400022082002100056100002300077245004400100260004000144300002300184942001300207999001900220952010400239 a978-93-86173-55-3 cKhana Book Publishing Co. Ltd a660.287bG9775 E aGupta. O.P.940512 aElements of Chemical Process Technology bKhanna Book Publishing Co Ltdc2025 aviii, 1029p.c7cm. 2ddccREF c617348d617348 00102ddc4070aSCMEbSCMEd2026-05-07l0o660.287 G9775 EpSCME-4886r2026-05-07w2026-05-07yREF